书目信息 |
| 题名: |
制药工程工艺设计
|
|
| 作者: | 张珩 主编 | |
| 分册: | ||
| 出版信息: | 北京 化学工业出版社 2020.01 |
|
| 页数: | 502页 | |
| 开本: | 26cm | |
| 丛书名: | ||
| 单 册: | ||
| 中图分类: | TQ46 | |
| 科图分类: | ||
| 主题词: | 制药工业--zhi yao gong ye--化学工程--高等学校--教材 | |
| 电子资源: | ||
| ISBN: | 978-7-122-32602-7 | |
| 000 | 01074nam0 2200253 450 | |
| 001 | 2033506222 | |
| 005 | 20201122095833.02 | |
| 010 | @a978-7-122-32602-7@dCNY79.00 | |
| 100 | @a20181129d2020 em y0chiy50 ea | |
| 101 | 0 | @achi |
| 102 | @aCN@b110000 | |
| 105 | @aa z 000yy | |
| 106 | @ar | |
| 200 | 1 | @a制药工程工艺设计@9zhi yao gong cheng gong yi she ji@f张珩主编 |
| 205 | @a3版 | |
| 210 | @a北京@c化学工业出版社@d2020.01 | |
| 215 | @a502页@c图@d26cm | |
| 300 | @a国家级精品资源共享课制药工艺设计配套教材 | |
| 330 | @a本书共十六章。重点介绍制药工程项目设计的基本程序、工艺流程设计、物料衡算、能量衡算及热数据的估算、工艺设备选型与设计、车间布置、管道设计、净化空调系统设计、制药用水系统设计、非工艺设计项目、制药厂建设工程项目实施与管理、生物发酵车间设计及示例、制剂车间设计及示例、中药前处理和提取车间设计及示例、生物制品车间设计及示例、化学制药车间设计及示例。 | |
| 606 | 0 | @a制药工业@9zhi yao gong ye@x化学工程@x高等学校@j教材 |
| 690 | @aTQ46@v5 | |
| 701 | 0 | @a张珩@9zhang hang@4主编 |
| 801 | 0 | @aCN@bBJSZM@c20201120 |
| 905 | @b1244892-5@dTQ46@e128=3@f4 | |
| 制药工程工艺设计/张珩主编.-3版.-北京:化学工业出版社,2020.01 |
| 502页:图;26cm |
| 国家级精品资源共享课制药工艺设计配套教材 |
| ISBN 978-7-122-32602-7:CNY79.00 |
| 本书共十六章。重点介绍制药工程项目设计的基本程序、工艺流程设计、物料衡算、能量衡算及热数据的估算、工艺设备选型与设计、车间布置、管道设计、净化空调系统设计、制药用水系统设计、非工艺设计项目、制药厂建设工程项目实施与管理、生物发酵车间设计及示例、制剂车间设计及示例、中药前处理和提取车间设计及示例、生物制品车间设计及示例、化学制药车间设计及示例。 |
| ● |
| 相关链接 |
|
|
|
|
正题名:制药工程工艺设计
索取号:TQ46/128=3
 
预约/预借
| 序号 | 登录号 | 条形码 | 馆藏地/架位号 | 状态 | 备注 |
| 1 | 1244892 | 212448920 | 第二样本阅览室/ [索取号:TQ46/128=3] | 在馆 | |
| 2 | 1244893 | 212448939 | 第三借阅区/ [索取号:TQ46/128=3] | 在馆 | |
| 3 | 1244894 | 212448948 | 第三借阅区/ [索取号:TQ46/128=3] | 在馆 | |
| 4 | 1244895 | 212448957 | 第三借阅区/ [索取号:TQ46/128=3] | 在馆 |